[Event "Mittelrhein Verbandsliga-W 18/19"]
[Site "Nordrheinwestfalen"]
[Date "2019.02.10"]
[Round "7.8"]
[White "Nagel, Eduard"]
[Black "Bock, Luca"]
[Result "0-1"]
[WhiteElo "1788"]
[BlackElo "1739"]
[PlyCount "60"]
[EventDate "2018.09.02"]
[EventType "team-tourn"]
[EventRounds "11"]
[EventCountry "GER"]
[SourceTitle "EXT 2022"]
[Source "ChessBase"]
[SourceDate "2021.10.06"]
[SourceVersion "1"]
[SourceVersionDate "2021.10.06"]
[SourceQuality "1"]
[WhiteTeam "Horrem"]
[BlackTeam "Herzogenrath"]
[WhiteTeamCountry "GER"]
[BlackTeamCountry "GER"]

1. Nf3 Nf6 2. c4 c5 3. d4 cxd4 4. Nxd4 Nc6 5. Nc3 e6 6. a3 Be7 7. e4 d5 8. cxd5 exd5 9. Bb5 Bd7 10. exd5 Nxd4 11. Bxd7+ Qxd7 12. Qxd4 0-0 13. Be3 b6 14. 0-0-0 Rfd8 15. Kb1 b5 16. Rd2 a5 17. Qd3 b4 18. Na2 bxa3 19. Bb6 Rdb8 20. d6 Rxb6 21. dxe7 Rxb2+ 22. Kc1 Qxd3 23. Rxd3 Re8 24. Rxa3 Rxf2 25. Re1 Rxg2 26. Nc3 Rg5 27. Rb3 Rc5 28. Kb2 Rc7 29. Nd5 Nxd5 30. Rb5 Rcxe7 0-1

[Event "Mittelrhein Verbandsliga-W 18/19"]
[Site "Nordrheinwestfalen"]
[Date "2018.09.30"]
[Round "2.8"]
[White "Gronloh, Dieter"]
[Black "Bock, Luca"]
[Result "1-0"]
[WhiteElo "1574"]
[BlackElo "1739"]
[PlyCount "97"]
[EventDate "2018.09.02"]
[EventType "team-tourn"]
[EventRounds "11"]
[EventCountry "GER"]
[SourceTitle "EXT 2022"]
[Source "ChessBase"]
[SourceDate "2021.10.06"]
[SourceVersion "1"]
[SourceVersionDate "2021.10.06"]
[SourceQuality "1"]
[WhiteTeam "Eschweiler SC"]
[BlackTeam "Herzogenrath"]
[WhiteTeamCountry "GER"]
[BlackTeamCountry "GER"]

1. Nf3 Nf6 2. g3 d5 3. d4 Bf5 4. Bg2 Nc6 5. 0-0 Qd7 6. a3 Bh3 7. b4 Bxg2 8. Kxg2 h5 9. h4 Qg4 10. b5 Na5 11. Ne5 Qf5 12. Qd3 Qxd3 13. exd3 b6 14. Bd2 Nb7 15. Nc3 e6 16. Ne2 Bd6 17. Nc6 Nd8 18. Nxd8 Kxd8 19. Bg5 Kd7 20. f3 Rac8 21. c3 Nh7 22. Bd2 f6 23. Rh1 Nf8 24. a4 Ng6 25. Rac1 Ne7 26. c4 c5 27. dxc5 Bxc5 28. Rc2 dxc4 29. Rxc4 Nf5 30. Re4 Rhd8 31. d4 Bd6 32. g4 hxg4 33. fxg4 Nh6 34. Re1 Rc2 35. Bxh6 gxh6 36. Kf3 Rdc8 37. Nf4 R8c3+ 38. R1e3 Bxf4 39. Rxc3 Rxc3+ 40. Kxf4 Rh3 41. Re1 Ra3 42. Re4 Rxa4 43. d5 e5+ 44. Kf5 Rxe4 45. Kxe4 Kd6 46. h5 Kc5 47. g5 fxg5 48. Kxe5 g4 49. d6 1-0

[Event "Mittelrhein Verbandsliga-W 17/18"]
[Site "Nordrheinwestfalen"]
[Date "2018.05.06"]
[Round "11.6"]
[White "Bock, Luca"]
[Black "Huppertz, Franz Josef"]
[Result "1/2-1/2"]
[WhiteElo "1665"]
[BlackElo "1699"]
[PlyCount "56"]
[EventDate "2017.09.10"]
[EventType "team-tourn"]
[EventRounds "11"]
[EventCountry "GER"]
[SourceTitle "EXT 2022"]
[Source "ChessBase"]
[SourceDate "2021.10.06"]
[SourceVersion "1"]
[SourceVersionDate "2021.10.06"]
[SourceQuality "1"]
[WhiteTeam "Herzogenrath"]
[BlackTeam "Eschweiler SC"]
[WhiteTeamCountry "GER"]
[BlackTeamCountry "GER"]

1. e4 c5 2. Nf3 d6 3. d4 cxd4 4. Nxd4 Bd7 5. Nc3 g6 6. Be3 Bg7 7. Qd2 h5 8. Bc4 Nc6 9. f3 a6 10. a4 Rc8 11. 0-0 Nxd4 12. Bxd4 e5 13. Bxf7+ Kxf7 14. Be3 Bc6 15. b4 Nf6 16. b5 Be8 17. Nd5 Nd7 18. Bg5 Bf6 19. Nxf6 Nxf6 20. f4 Qb6+ 21. Kh1 Qd4 22. fxe5 Qxd2 23. Rxf6+ Kg7 24. Bxd2 dxe5 25. Rf2 axb5 26. axb5 Bxb5 27. h3 Rhf8 28. Rxf8 Rxf8 1/2-1/2

[Event "Mittelrhein Verbandsliga-W 17/18"]
[Site "Nordrheinwestfalen"]
[Date "2018.02.25"]
[Round "8.8"]
[White "Bock, Luca"]
[Black "Luedtke, Wolfgang"]
[Result "1-0"]
[WhiteElo "1665"]
[BlackElo "1607"]
[PlyCount "65"]
[EventDate "2017.09.10"]
[EventType "team-tourn"]
[EventRounds "11"]
[EventCountry "GER"]
[SourceTitle "EXT 2022"]
[Source "ChessBase"]
[SourceDate "2021.10.06"]
[SourceVersion "1"]
[SourceVersionDate "2021.10.06"]
[SourceQuality "1"]
[WhiteTeam "Herzogenrath"]
[BlackTeam "Bruehl III"]
[WhiteTeamCountry "GER"]
[BlackTeamCountry "GER"]

1. e4 g6 2. d4 Bg7 3. Nc3 d6 4. Be3 Nf6 5. f3 0-0 6. Qd2 Nbd7 7. Bh6 c5 8. Bxg7 Kxg7 9. 0-0-0 a6 10. dxc5 Nxc5 11. e5 Nfd7 12. exd6 exd6 13. Qxd6 b5 14. h4 Qf6 15. Nge2 b4 16. Qxf6+ Nxf6 17. Nd5 Nxd5 18. Rxd5 Ne6 19. Ng3 a5 20. Bc4 Bb7 21. Rd7 Nd8 22. h5 Bc6 23. Rd6 Bb7 24. Rhd1 Rc8 25. Bb3 Nc6 26. Rd7 Ba8 27. Ba4 Ne5 28. Ra7 Rc5 29. Bb3 Nc6 30. Rc7 Rg5 31. Ne4 Rxg2 32. Nd6 Ne5 33. f4 1-0

[Event "Mittelrhein Verbandsliga-W 17/18"]
[Site "Nordrheinwestfalen"]
[Date "2017.10.01"]
[Round "2.8"]
[White "Bock, Luca"]
[Black "Baldus, Alexander"]
[Result "1-0"]
[WhiteElo "1670"]
[BlackElo "1835"]
[PlyCount "75"]
[EventDate "2017.09.10"]
[EventType "team-tourn"]
[EventRounds "11"]
[EventCountry "GER"]
[SourceTitle "EXT 2022"]
[Source "ChessBase"]
[SourceDate "2021.10.06"]
[SourceVersion "1"]
[SourceVersionDate "2021.10.06"]
[SourceQuality "1"]
[WhiteTeam "Herzogenrath"]
[BlackTeam "Pulheim"]
[WhiteTeamCountry "GER"]
[BlackTeamCountry "GER"]

1. e4 c5 2. Nf3 d6 3. d4 cxd4 4. Nxd4 Nf6 5. Nc3 a6 6. Be2 e6 7. 0-0 Be7 8. Bg5 Nbd7 9. Nb3 Qc7 10. f4 b5 11. a3 0-0 12. Bf3 Bb7 13. Qe1 Nb6 14. Na5 e5 15. fxe5 dxe5 16. Nxb7 Qxb7 17. Qg3 Rac8 18. Bh6 Ne8 19. Bh5 Rc6 20. Bc1 Nf6 21. Bf3 Nc4 22. Nd5 Nxd5 23. exd5 Rg6 24. Qe1 f5 25. b3 Nd6 26. Bh5 Rgf6 27. Bg5 Qxd5 28. Bxf6 Bxf6 29. Kh1 g6 30. Be2 Qc5 31. c4 bxc4 32. bxc4 Rc8 33. Qb4 Qc7 34. Rad1 Ne4 35. Bf3 Qxc4 36. Bxe4 Qc7 37. Bd5+ Kg7 38. Be6 1-0

[Event "Mittelrhein Verbandsliga-W 16/17"]
[Site "Nordrheinwestfalen"]
[Date "2017.04.09"]
[Round "10.7"]
[White "Bock, Luca"]
[Black "Huppertz, Franz Josef"]
[Result "1-0"]
[WhiteElo "1612"]
[BlackElo "1701"]
[PlyCount "63"]
[EventDate "2016.09.11"]
[EventType "team-tourn"]
[EventRounds "11"]
[EventCountry "GER"]
[SourceTitle "EXT 2022"]
[Source "ChessBase"]
[SourceDate "2021.10.06"]
[SourceVersion "1"]
[SourceVersionDate "2021.10.06"]
[SourceQuality "1"]
[WhiteTeam "Herzogenrath"]
[BlackTeam "Eschweiler SC"]
[WhiteTeamCountry "GER"]
[BlackTeamCountry "GER"]

1. e4 d6 2. d4 Nf6 3. Nc3 g6 4. h3 Bg7 5. Be3 0-0 6. Qd2 e5 7. d5 Nbd7 8. 0-0-0 b6 9. Bh6 Nc5 10. f3 Nh5 11. Bxg7 Kxg7 12. Qe1 Qg5+ 13. Kb1 Ng3 14. h4 Qf4 15. Nge2 Nxe2 16. Bxe2 Bd7 17. g4 h6 18. Qg1 g5 19. hxg5 hxg5 20. b4 Nb7 21. Ba6 Nd8 22. Ne2 Qf6 23. Qh2 Qg6 24. Ng3 Rg8 25. Nf5+ Kf8 26. Qd2 Bxf5 27. exf5 Qf6 28. Rh5 Qe7 29. Rh7 Rb8 30. Rdh1 Rg7 31. Rxg7 Kxg7 32. Qh2 1-0